Conversaciones con Miguel Angel Asturias

שמור ב:
מידע ביבליוגרפי
מחבר ראשי: López Alvarez, Luis
פורמט: ספר
שפה:Undetermined
יצא לאור: España EDUCA 1976
נושאים:
תגים: הוספת תג
אין תגיות, היה/י הראשונ/ה לתייג את הרשומה!

MARC

LEADER 00000nam a2200000Ia 4500
008 170316s9999 xx 000 0 und d
040 |a cru BVZT 
090 |a 860 L-20c 
100 |a López Alvarez, Luis 
245 |a Conversaciones con Miguel Angel Asturias 
260 |a España 
260 |b EDUCA 
260 |c 1976 
300 |a 215 páginas 
650 |a LITERATURA LATINOAMERICANA 
999 |c 8871  |d 8871 
942 |c 15 D  |h 860 L-20c  |2 z